书目信息 |
| 题名: |
建筑CAD
|
|
| 作者: | 巩宁平 , 邓美荣 , 陕晋军 编著 | |
| 分册: | ||
| 出版信息: | 北京 机械工业出版社 2003.08 |
|
| 页数: | 257页 | |
| 开本: | 24cm | |
| 丛书名: | 21世纪建筑工程系列规划教材 | |
| 单 册: | ||
| 中图分类: | TU201.4 | |
| 科图分类: | ||
| 主题词: | 建筑设计: 计算机辅助设计--应用软件, AutoCAD--高等学校--教材 , 建筑设计 , 计算机辅助设计 | |
| 电子资源: | ||
| ISBN: | 7-111-12135-X | |
| 000 | 00943nam2 2200301 45 | |
| 001 | 012004000000 | |
| 005 | 20050110150717.42 | |
| 010 | @a7-111-12135-X@dCNY 21.00 | |
| 100 | @a20041210e2003 em y0chiy0121 ea | |
| 101 | 0 | @achi |
| 102 | @aCN@b110000 | |
| 105 | @aak z 000yy | |
| 200 | 1 | @a建筑CAD@Ajian zhu CAD@f巩宁平, 邓美荣, 陕晋军编著 |
| 210 | @a北京@c机械工业出版社@d2003.08@h2004.1第1版第2次印刷 | |
| 215 | @a257页@c图, 表格@d24cm | |
| 225 | 2 | @a21世纪建筑工程系列规划教材 |
| 320 | @a书末附附录和参考文献 | |
| 410 | 0 | @12001 @a21世纪建筑工程系列规划教材 |
| 606 | 0 | @a建筑设计: 计算机辅助设计@x应用软件, AutoCAD@x高等学校@j教材 |
| 606 | 0 | @a建筑设计 |
| 606 | 0 | @a计算机辅助设计 |
| 610 | 1 | @aAutoCAD |
| 690 | @aTU201.4@v4 | |
| 701 | 0 | @a巩宁平@Agong ning ping@4编著 |
| 701 | 0 | @a邓美荣@Adeng mei rong@4编著 |
| 701 | 0 | @a陕晋军@Ashan jin jun@4编著 |
| 801 | 0 | @aCN@bQSSKxf@c20050110 |
| 905 | @a10447@dTU201.4@eG400 | |
| 建筑CAD/巩宁平, 邓美荣, 陕晋军编著.-北京:机械工业出版社,2003.08(2004.1第1版第2次印刷) |
| 257页:图, 表格;24cm.-(21世纪建筑工程系列规划教材) |
| ISBN 7-111-12135-X:CNY 21.00 |
| ● |
| 相关链接 |
|
|
|
正题名:建筑CAD
索取号:TU201.4/G400
 
预约/预借
| 序号 | 登录号 | 条形码 | 馆藏地/架位号 | 状态 | 备注 |
| 1 | 433820 | 204338207 | 管理学院资料室/ [索取号:TU201.4/G400] | 在馆 | |
| 2 | 433821 | 204338216 | 建筑库101/101建筑库 33排4列3层/ [索取号:TU201.4/G400] | 在馆 | |
| 3 | 435705 | 204357052 | 建筑库101/101建筑库 33排4列3层/ [索取号:TU201.4/G400] | 在馆 |